| 000 | 00432pam a2200181a 44500 | ||
|---|---|---|---|
| 008 | 230405s1975 xxu||||| |||| 00| 0 eng d | ||
| 041 | _aENG | ||
| 100 | _aGELBERG | ||
| 245 | _aREPAIR OF INDUSTRIAL EQUIP | ||
| 260 |
_aNONE _bMIR PUBLISHERS MOSCOW _c1975 |
||
| 300 | _a352p. | ||
| 440 | _aRS.150 | ||
| 650 | _aINDUSTRIAL INSTRUMENTATION AND CONTROL | ||
| 690 | _aEJ | ||
| 700 | _aPEKELIS G. | ||
| 700 | _aB. | ||
| 906 | _a727 | ||
| 999 |
_c779108 _d779108 |
||